Statistics for 10 Biggest Countries in Europe

Click here to take the quiz!

General Stats

  • This quiz has been taken 110 times
  • The average score is 9 of 10

Answer Stats

HintAnswer% Correct
3.France
99%
1.Russia
98%
4.Spain
97%
7.Germany
96%
5.Sweden
95%
10.Italy
93%
9.Poland
93%
2.Ukraine
93%
8.Finland
92%
6.Norway
91%

Score Distribution

Percentile by Number Answered

Percent of People with Each Score

Your Score History

You have not taken this quiz